| 000 | 00407nam a22001577a 4500 | ||
|---|---|---|---|
| 005 | 20170822175010.0 | ||
| 008 | 140109b xxu||||| |||| 00| 0 eng d | ||
| 020 | _a0909337039 | ||
| 040 |
_aBSU _cBSU |
||
| 082 |
_222 _a618.92 MAR |
||
| 245 | _aCommon bacterial infections in infancy & childhood | ||
| 260 |
_aNew York _bADIS press _c1979 |
||
| 300 |
_axv;140p _c25cm |
||
| 658 | _amedicine | ||
| 942 |
_2ddc _cBK |
||
| 999 |
_c7608 _d7608 |
||